Xử lý âm thanh hướng dẫn sử dụng SoundForge /

Guardat en:
Dades bibliogràfiques
Autor principal: Phạm Quang
Format: Llibre
Idioma:Vietnamese
Publicat: TKE 2004
Etiquetes: Afegir etiqueta
Sense etiquetes, Sigues el primer a etiquetar aquest registre!
Thư viện lưu trữ: Mạng thư viện Đại học Đà Nẵng
LEADER 00624nam a2200265 4500
001 000028507
003 XLY
005 20150403120000.0
008 150403s vm 000 vie
020 |c 0,0000 
040 |a notts 
100 |a Phạm Quang 
245 |a Xử lý âm thanh hướng dẫn sử dụng SoundForge /  |c Phạm Quang. 
260 |b TKE  |c 2004 
OWN |a LTT 
999 |a From the UDN01 
TYP |a Monograph 
TYP |a Printed language 
980 |a Mạng thư viện Đại học Đà Nẵng